000 00304nam a22001337a 4500
008 180208b xxu||||| |||| 00| 0 eng d
020 _a710502711
041 _aeng
080 _a232
100 _a24
101 _aTEO
245 _aScribs and Scholars at Salisbury Cathedral
_cWebber
942 _2udc
_cBK
999 _c42114
_d42114